000 02352nam a2200625 i 4500
001 35297
003 KOSZ 005
005 20240405063106.0
008 231016s1973 pl a g 000 0 pol
015 _aUWD 1974/2
035 _a991024631929705066
035 _a(PL-WaBN)b16718161-48omnis_nlop
035 _ab16718161
035 _a(OCoLC)233426126
035 _axx001042701
035 _a(PL)b0000001671816
035 _a(EXLNZ-48OMNIS_NETWORK)9910181001405606
040 _aWA N
_cWA N
_dKOSZ 005/RW
041 0 _apol
_bfre
_brus
045 _bd1945
_bd1948
046 _k1973
080 _a94(438).083
080 _a329(438)
100 1 _aRobakowski, Kazimierz
_d(1938-2017)
_eAutor
245 1 0 _aRola i działalność Polskiej Partii Socjalistycznej w Wielkopolsce i na Ziemi Lubuskiej w latach 1945-1948 /
_cKazimierz Robakowski.
246 1 8 _aPPS w Wielkopolsce i na Ziemi Lubuskiej
260 _aPoznań :
_bWydawnictwo Naukowe UAM,
_c1973.
300 _a158 stron :
_btabele ;
_c24 cm.
336 _aTekst
_btxt
_2rdacontent
337 _aBez urządzenia pośredniczącego
_bn
_2rdamedia
338 _aWolumin
_bnc
_2rdacarrier
380 _aKsiążki
380 _aPublikacje naukowe
388 1 _a1901-2000
388 1 _a1945-1989
490 1 _aPrace Wydziału Filozoficzno-Historycznego / Uniwersytet im. Adama Mickiewicza. Historia ;
_vnr 57
504 _aBibliografia na stronach [146]-150.
546 _aStreszczenie w języku francuskim i rosyjskim.
610 2 7 _aPolska Partia Socjalistyczna (1892-1948)
_2DBN
648 7 _a1901-2000
_2DBN
648 7 _a1945-1989
_2DBN
650 7 _aOrganizacje
650 7 _aPartie polityczne
651 7 _aPolska
_2DBN
651 7 _aWielkopolska
_2DBN
651 7 _aZiemia lubuska
_2DBN
655 7 _aMonografia
658 _aHistoria
658 _aPolityka, politologia, administracja publiczna
710 2 _aWydawnictwo Naukowe Uniwersytetu im. Adama Mickiewicza (Poznań)
_4pbl
830 0 _aPrace Wydziału Filozoficzno-Historycznego - Uniwersytet im. Adama Mickiewicza w Poznaniu.
_pHistoria
_vnr 57
856 _uhttp://koha.tu.koszalin.pl/cgi-bin/koha/opac-detail.pl?biblionumber=35297
_yKatalog online BPK
942 _2UKD
_cKS
999 _c35297
_d35297